| 000 | 00371nam a2200133 i 4500 | ||
|---|---|---|---|
| 001 | 90307 | ||
| 003 | ES-MaACL | ||
| 007 | t| | ||
| 008 | 050119s1954 sp ||||1| spa d | ||
| 245 | 0 | 0 | _aLegislación civil, comercial y bancaria. |
| 260 |
_aBarcelona : _bEdiciones Prácticas, _c[1954] ( _fJ. Soler) |
||
| 300 |
_a148 p. ; _c22 cm. |
||
| 852 |
_aES-MaACL _jC-8740 _bR.36686 |
||
| 999 |
_c90307 _d90307 |
||